Los Tolmos de Caracena (Soria), (Campañas 1981 y 1982) (Record no. 9261)

MARC details
000 -LEADER
campo de control de longitud fija 01241nam a2200301 i 4500
001 - NÚMERO DE CONTROL
campo de control 9261
003 - IDENTIFICADOR DE NÚMERO DE CONTROL
campo de control ES-MaACL
005 - FECHA Y HORA DE LA ÚLTIMA TRANSACCIÓN
campo de control 20230906145634.0
007 - CAMPO FIJO DE DESCRIPCIÓN FÍSICA--INFORMACIÓN GENERAL
campo de control de longitud fija t|
008 - DATOS DE LONGITUD FIJA--INFORMACIÓN GENERAL
campo de control de longitud fija 930527s1991 sp ||||1| spa d
020 ## - NÚMERO INTERNACIONAL ESTÁNDAR DEL LIBRO
Número Internacional Estándar del Libro 84-7483-792-8
080 ## - NÚMERO DE LA CLASIFICACIÓN DECIMAL UNIVERSAL
Número de la Clasificación Decimal Universal 902.6(463.8)
100 1# - ENTRADA PRINCIPAL--NOMBRE DE PERSONA
Nombre de persona Jimeno Martínez, Alfredo.
9 (RLIN) 66652
245 14 - MENCIÓN DEL TÍTULO
Título Los Tolmos de Caracena (Soria), (Campañas 1981 y 1982)
Resto del título : aportación al Bronce Medio de la Meseta /
Mención de responsabilidad, etc. Alfredo Jimeno Martínez, J. Javier Fernández Moreno.
250 ## - MENCION DE EDICION
Mención de edición 1ª ed.
260 ## - PUBLICACIÓN, DISTRIBUCIÓN, ETC.
Lugar de publicación, distribución, etc. Madrid :
Nombre del editor, distribuidor, etc. Instituto de Conservación y Restauración de Bienes Culturales,
Fecha de publicación, distribución, etc. 1991.
300 ## - DESCRIPCIÓN FÍSICA
Extensión 141 p., [4] h. pleg. :
Otras características físicas il. ;
Dimensiones 30 cm.
490 1# - MENCIÓN DE SERIE
Mención de serie Excavaciones arqueológicas en España ;
Designación de volumen o secuencia 161
500 ## - NOTA GENERAL
Nota general Indice.
650 14 - PUNTO DE ACCESO ADICIONAL DE MATERIA--TÉRMINO DE MATERIA
Término de materia o nombre geográfico como elemento de entrada Excavaciones arqueológicas-
Subdivisión geográfica Soria (Provincia)
9 (RLIN) 12648
650 14 - PUNTO DE ACCESO ADICIONAL DE MATERIA--TÉRMINO DE MATERIA
Término de materia o nombre geográfico como elemento de entrada Edad del Bronce-
Subdivisión geográfica Soria (Provincia)
9 (RLIN) 12046
651 #4 - PUNTO DE ACCESO ADICIONAL DE MATERIA--NOMBRE GEOGRÁFICO
Nombre geográfico Los Tolmos (Soria)-
Subdivisión general Restos arqueológicos prehistóricos.
9 (RLIN) 8931
700 1# - ENTRADA AGREGADA--NOMBRE PERSONAL
Nombre de persona Fernández Moreno, J. Javier.
9 (RLIN) 49942
710 2# - ENTRADA AGREGADA--NOMBRE DE ENTIDAD CORPORATIVA
Nombre de entidad corporativa o nombre de jurisdicción como elemento de entrada Instituto de Conservación y Restauración de Bienes Culturales (España)
9 (RLIN) 4845
830 0# - PUNTO DE ACCESO ADICIONAL DE SERIE-TÍTULO UNIFORME
Título uniforme Excavaciones arqueológicas en España ;
Designación de volumen o secuencia 161
9 (RLIN) 177264
852 ## - LOCALIZACIÓN
Ubicación ES-MaACL
Número de control de estantería L-16429
Sublocalización o colección R.120328
Holdings
Estatus retirado Estado de pérdida Estado de daño No para préstamo Biblioteca de origen Biblioteca actual Ubicación en estantería Fecha de adquisición Fuente de adquisición Total de préstamos Signatura topográfica completa Código de barras Visto por última vez Precio de reemplazo Tipo de ítem Koha
        Biblioteca del Ateneo de Madrid Biblioteca del Ateneo de Madrid Depósito 2 17/01/2008     L-16429 1009450 23/02/2023 23/02/2023 Libro impreso